000 00243nam a2200097Ia 4500
001 640154
005 20250826153442.0
008 250824s9999 xx 000 0 und d
245 0 _a Küçük Şehzade
_cCahit Zarifoğlu
260 _bBEYAN YAYINLARI
999 _c640154
_d640154